Tribals and modern agriculture: dynamics of fertiliser use in Madhya Pradesh (Record no. 7097)

MARC details
000 -LEADER
fixed length control field 00636nam a2200193Ia 4500
020 ## - INTERNATIONAL STANDARD BOOK NUMBER
ISBN 8131603059
082 ## - DEWEY DECIMAL CLASSIFICATION NUMBER
Classification number 338.16209543 SAH-T
100 ## - MAIN ENTRY--AUTHOR NAME
Personal name Sah, D.C.
245 #0 - TITLE STATEMENT
Title Tribals and modern agriculture: dynamics of fertiliser use in Madhya Pradesh
260 ## - PUBLICATION, DISTRIBUTION, ETC. (IMPRINT)
Place of publication Jaipur
Name of publisher Rawat Publications
Year of publication 2009
300 ## - PHYSICAL DESCRIPTION
Number of Pages xii, 196
504 ## - BIBLIOGRAPHY, ETC. NOTE
Bibliography, etc includes bibliography and index
650 ## - SUBJECT ADDED ENTRY--TOPICAL TERM
Topical Term Fertilizers
Form subdivision India
-- Madhya Pradesh
650 ## - SUBJECT ADDED ENTRY--TOPICAL TERM
Topical Term Fertilizer requirement
Form subdivision India
-- Madhya Pradesh
650 ## - SUBJECT ADDED ENTRY--TOPICAL TERM
Topical Term Tribes
Form subdivision India
-- Madhya Pradesh
650 ## - SUBJECT ADDED ENTRY--TOPICAL TERM
Topical Term Agriculture
Form subdivision India
-- Madhya Pradesh
650 ## - SUBJECT ADDED ENTRY--TOPICAL TERM
Topical Term Fertilizers
Form subdivision India
-- Madhya Pradesh
942 ## - ADDED ENTRY ELEMENTS (KOHA)
Koha item type Books
Holdings
Withdrawn status Lost status Damaged status Not for loan Home library Current library Date acquired Source of acquisition Bill Date Full call number Accession Number Price effective from Koha item type
        NASSDOC Library NASSDOC Library 10/03/2010 Gifted by : Sales Unit, ICSSR 2009-09-24 338.16209543 SAH-T 46130 18/04/2019 Books
        NASSDOC Library NASSDOC Library 08/03/2010 Gifted by : Sales Unit, ICSSR 2009-09-24 338.16209543 SAH-T 46131 18/04/2019 Books